[Event "Denizli op"]
[Site "Denizli"]
[Date "2025.07.13"]
[Round "9"]
[White "Zeynalov, Rashad"]
[Black "Ozdemir, Serhan Berat"]
[Result "1-0"]
[WhiteElo "2255"]
[BlackElo "2164"]
[PlyCount "73"]
[EventDate "2025.07.07"]
[EventType "swiss"]
[EventRounds "9"]
[EventCountry "TUR"]
[SourceTitle "CB29_2025"]
[SourceDate "2025.07.16"]
[SourceVersion "1"]
[SourceVersionDate "2025.07.16"]
[SourceQuality "1"]

1. e4 c5 2. Nf3 d6 3. d4 cxd4 4. Nxd4 Nf6 5. Nc3 a6 6. h3 e5 7. Nf3 Be6 8. Ng5 Be7 9. Nxe6 fxe6 10. Bc4 Qc8 11. Bb3 Nc6 12. Na4 Rb8 13. Nb6 Qc7 14. Be3 Kf7 15. a4 Rhe8 16. c3 Bf8 17. a5 Kg8 18. Qf3 Qf7 19. Bg5 Rbd8 20. 0-0 Kh8 21. Rfe1 h6 22. Bxf6 gxf6 23. Bc4 Ne7 24. Red1 Ng6 25. g3 Qg7 26. Kh2 Qf7 27. Rd2 Be7 28. Rad1 Kg7 29. Bb3 f5 30. exf5 d5 31. Qh5 exf5 32. Nxd5 Rf8 33. Nxe7 Qxe7 34. Rxd8 Rxd8 35. Rxd8 Qxd8 36. Qxf5 Qd2 37. Qf7+ 1-0

[Event "Denizli op"]
[Site "Denizli"]
[Date "2025.07.10"]
[Round "6"]
[White "Topuz, Mirac Melih"]
[Black "Zeynalov, Rashad"]
[Result "0-1"]
[WhiteElo "2090"]
[BlackElo "2255"]
[PlyCount "106"]
[EventDate "2025.07.07"]
[EventType "swiss"]
[EventRounds "9"]
[EventCountry "TUR"]
[SourceTitle "CB29_2025"]
[SourceDate "2025.07.16"]
[SourceVersion "1"]
[SourceVersionDate "2025.07.16"]
[SourceQuality "1"]

1. d4 Nf6 2. c4 e6 3. g3 d5 4. Bg2 dxc4 5. Nf3 c5 6. 0-0 Nc6 7. dxc5 Qxd1 8. Rxd1 Bxc5 9. Nbd2 c3 10. bxc3 0-0 11. Nb3 Be7 12. Nfd4 Nxd4 13. cxd4 Nd5 14. Bb2 Bd7 15. e4 Nb6 16. Nc5 Bc6 17. d5 exd5 18. exd5 Nxd5 19. Bxd5 Bxc5 20. Bxc6 bxc6 21. Rac1 Bb6 22. Rxc6 Rfd8 23. Rxd8+ Rxd8 24. Kg2 h5 25. Rc2 f6 26. Bc1 Rd3 27. h4 Kf7 28. Kf1 Rd5 29. Ke2 Re5+ 30. Kf3 Ke6 31. Bf4 Ra5 32. Be3 Ra3 33. Ke4 Bxe3 34. fxe3 Ra4+ 35. Kf3 g5 36. hxg5 fxg5 37. Rd2 Ke5 38. Rc2 g4+ 39. Ke2 Ke4 40. Rd2 Ra3 41. Rd4+ Ke5 42. Rd2 Rc3 43. Kf2 a5 44. Ke2 a4 45. Rb2 Kd5 46. Kd2 Kc4 47. Rb1 Ra3 48. Rc1+ Kd5 49. Rf1 Ke5 50. Rf4 Rxa2+ 51. Kd3 Ra3+ 52. Kd2 Ra1 53. Rb4 a3 0-1

[Event "Cesme op-A 11th"]
[Site "Izmir"]
[Date "2025.06.28"]
[Round "8"]
[White "Zeynalov, Rashad"]
[Black "Bulgankhan, Ganzorig"]
[Result "1-0"]
[WhiteElo "2255"]
[BlackElo "2021"]
[PlyCount "61"]
[EventDate "2025.06.23"]
[EventType "swiss"]
[EventRounds "9"]
[EventCountry "TUR"]
[SourceTitle "CB27_2025"]
[SourceDate "2025.07.02"]
[SourceVersion "1"]
[SourceVersionDate "2025.07.02"]
[SourceQuality "1"]

1. e4 g6 2. d4 Bg7 3. Nc3 c6 4. Nf3 d5 5. h3 Nh6 6. e5 0-0 7. Bd3 f6 8. Bf4 Nf7 9. Qd2 b5 10. 0-0 Na6 11. a4 b4 12. Ne2 fxe5 13. dxe5 Nc7 14. Rfe1 Ne6 15. Bg3 c5 16. Nf4 Nxf4 17. Bxf4 Be6 18. a5 Qc7 19. Qe3 d4 20. Qd2 Rad8 21. b3 Qd7 22. a6 Bd5 23. Nh2 Qe6 24. Ng4 Kh8 25. f3 Rc8 26. Ra5 Rc6 27. Rb5 h5 28. Nf2 Nxe5 29. Bxe5 Bxe5 30. Qh6+ Kg8 31. Qg5 1-0

[Event "Cesme op-A 11th"]
[Site "Izmir"]
[Date "2025.06.25"]
[Round "4"]
[White "Zeynalov, Rashad"]
[Black "Berikkyzy, Alanna"]
[Result "1-0"]
[WhiteElo "2255"]
[BlackElo "2080"]
[PlyCount "95"]
[EventDate "2025.06.23"]
[EventType "swiss"]
[EventRounds "9"]
[EventCountry "TUR"]
[SourceTitle "CB27_2025"]
[SourceDate "2025.07.02"]
[SourceVersion "1"]
[SourceVersionDate "2025.07.02"]
[SourceQuality "1"]

1. e4 c5 2. Nf3 d6 3. d4 cxd4 4. Nxd4 Nf6 5. Nc3 g6 6. Be3 Bg7 7. f3 Nc6 8. Qd2 0-0 9. 0-0-0 d5 10. exd5 Nxd5 11. Nxc6 bxc6 12. Bd4 e5 13. Bc5 Be6 14. Ne4 Re8 15. h4 h5 16. Bc4 Qc7 17. Bb3 Rad8 18. Qf2 Rd7 19. g4 hxg4 20. h5 gxh5 21. Qh4 Nf4 22. Qg5 Qd8 23. Rxd7 Bxd7 24. Bxa7 Be6 25. fxg4 Qxg5 26. Nxg5 Bxb3 27. cxb3 hxg4 28. Ne4 Ra8 29. Bc5 f5 30. Nd6 Nd3+ 31. Kc2 Nxc5 32. Nxf5 Rf8 33. Ne7+ Kf7 34. Nxc6 Ne4 35. b4 Ke6 36. Rg1 Nf2 37. b5 Kd6 38. b4 Bh6 39. a4 Bf4 40. a5 g3 41. a6 Kc7 42. a7 Kb6 43. Kb3 Ng4 44. Rd1 g2 45. Na5 Be3 46. Rd7 Kxb5 47. Rb7+ Ka6 48. Ka4 1-0

[Event "Titled Tuesday intern op 26th Nov Late"]
[Site "Chess.com INT"]
[Date "2024.11.26"]
[Round "4"]
[White "Zeynalov, Rashad"]
[Black "Rangel, Daniel"]
[Result "0-1"]
[WhiteElo "2300"]
[BlackElo "2200"]
[PlyCount "92"]
[EventDate "2024.11.26"]
[EventType "swiss (blitz)"]
[EventRounds "11"]
[EventCountry "USA"]
[SourceTitle "CB49_2024"]
[SourceDate "2024.12.04"]
[SourceVersion "1"]
[SourceVersionDate "2024.12.04"]
[SourceQuality "1"]

1. e4 c5 2. Nf3 g6 3. d4 cxd4 4. Nxd4 Bg7 5. c4 Nc6 6. Be3 Nf6 7. Nc3 0-0 8. Be2 Nxd4 9. Bxd4 d6 10. 0-0 Bd7 11. b3 Bc6 12. f3 Nd7 13. Kh1 a5 14. Rc1 Nc5 15. Be3 Be5 16. Qd2 e6 17. Bf4 b6 18. Bxe5 dxe5 19. Rfd1 Qe7 20. Qd6 Qxd6 21. Rxd6 Rfc8 22. Rcd1 Kf8 23. Kg1 Ke7 24. h4 h5 25. Kf2 Ra7 26. Ke3 Rd7 27. Rxd7+ Bxd7 28. f4 exf4+ 29. Kxf4 Bc6 30. Bf3 Rd8 31. Rxd8 Kxd8 32. Ke3 e5 33. Bd1 Ke7 34. a3 Ne6 35. b4 axb4 36. axb4 Nd4 37. Kd3 f5 38. b5 Bb7 39. exf5 Nxf5 40. Na4 Bxg2 41. Nxb6 Nxh4 42. c5 Nf5 43. Bb3 h4 44. Nd5+ Kd8 45. b6 Ne7 46. b7 Nc6 0-1

[Event "Mersin op 8th"]
[Site "Mersin"]
[Date "2024.11.11"]
[Round "2"]
[White "Zeynalov, Rashad"]
[Black "Saygin, Nurettin"]
[Result "0-1"]
[WhiteElo "2300"]
[BlackElo "2066"]
[PlyCount "82"]
[EventDate "2024.11.10"]
[EventType "swiss"]
[EventRounds "9"]
[EventCountry "TUR"]
[SourceTitle "CB47_2024"]
[SourceDate "2024.11.20"]
[SourceVersion "1"]
[SourceVersionDate "2024.11.20"]
[SourceQuality "1"]

1. e4 c5 2. Nf3 d6 3. d4 cxd4 4. Nxd4 Nf6 5. Nc3 a6 6. h3 e5 7. Nf3 Be7 8. g4 h6 9. Rg1 Qc7 10. a4 b6 11. g5 hxg5 12. Nxg5 Bb7 13. Qd3 Nbd7 14. Be3 Rf8 15. 0-0-0 Rc8 16. f3 d5 17. exd5 Bb4 18. Ne6 fxe6 19. dxe6 Nb8 20. Qg6+ Ke7 21. Qxg7+ Kxe6 22. h4 Qxg7 23. Rxg7 Nfd7 24. Bh3+ Kf6 25. Bh6 Rh8 26. Bxd7 Rxc3 27. Rg4 Rxh6 28. Rxb4 Ke7 29. bxc3 Nxd7 30. Rg4 Rh7 31. Rdg1 Bxf3 32. Rg7+ Rxg7 33. Rxg7+ Ke6 34. Kd2 Nf6 35. c4 Bc6 36. Ra7 Ne4+ 37. Ke3 Nc5 38. Rg7 Be8 39. Rg8 Kf7 40. Rh8 Bxa4 41. Rh6 Nd7 0-1

[Event "Titled Tuesday intern op 30th Jul Late"]
[Site "Chess.com INT"]
[Date "2024.07.30"]
[Round "8"]
[White "Ai, Evan Zihao"]
[Black "Zeynalov, Rashad"]
[Result "1-0"]
[WhiteElo "2150"]
[BlackElo "2127"]
[PlyCount "125"]
[EventDate "2024.07.30"]
[EventType "swiss (blitz)"]
[EventRounds "11"]
[EventCountry "USA"]
[SourceTitle "EXT 2025"]
[Source "ChessBase"]
[SourceDate "2024.10.14"]
[SourceVersion "1"]
[SourceVersionDate "2024.10.14"]
[SourceQuality "1"]

1. Nf3 d5 2. b3 Nf6 3. Bb2 Bf5 4. e3 e6 5. c4 h6 6. Nc3 c6 7. Be2 Be7 8. 0-0 0-0 9. d4 Nbd7 10. a3 a5 11. Bd3 Ne4 12. Qc2 Ndf6 13. Nd2 Nxd2 14. Qxd2 Qb6 15. Bxf5 exf5 16. Qc2 g6 17. c5 Qc7 18. b4 b5 19. Rfb1 Ng4 20. g3 h5 21. h3 Nf6 22. Bc1 h4 23. Kg2 Kg7 24. Bd2 Ra7 25. Ne2 Ne4 26. Be1 axb4 27. axb4 Rfa8 28. Rxa7 Qxa7 29. f3 Nxg3 30. Nxg3 hxg3 31. Bxg3 Bg5 32. Qe2 Qa2 33. Rb2 Qa3 34. f4 Bf6 35. Qd2 Qa1 36. Be1 Ra3 37. h4 Rxe3 38. Bf2 Re4 39. Ra2 Qb1 40. Rb2 Qa1 41. Ra2 Rxd4 42. Bxd4 Qxd4 43. Qxd4 Bxd4 44. Ra6 Bc3 45. Rxc6 Bxb4 46. Rd6 Bxc5 47. Rxd5 Be3 48. Kf3 Bg1 49. Rxb5 Bd4 50. Rd5 Bc3 51. Rc5 Be1 52. h5 Bb4 53. Rb5 Bc3 54. hxg6 fxg6 55. Ke3 Kh6 56. Kd3 Be1 57. Ke2 Bg3 58. Kf3 Bh2 59. Rb1 Kg7 60. Rh1 Bxf4 61. Kxf4 Kf6 62. Rg1 Kg7 63. Kg5 1-0

[Event "Titled Tuesday intern op 30th Jul Early"]
[Site "Chess.com INT"]
[Date "2024.07.30"]
[Round "7"]
[White "Bagwe, Gaurang"]
[Black "Zeynalov, Rashad"]
[Result "0-1"]
[WhiteElo "2281"]
[BlackElo "2127"]
[PlyCount "100"]
[EventDate "2024.07.30"]
[EventType "swiss (blitz)"]
[EventRounds "11"]
[EventCountry "USA"]
[SourceTitle "EXT 2025"]
[Source "ChessBase"]
[SourceDate "2024.10.14"]
[SourceVersion "1"]
[SourceVersionDate "2024.10.14"]
[SourceQuality "1"]

1. e4 e5 2. Nf3 Nc6 3. Bb5 a6 4. Ba4 Nf6 5. 0-0 Nxe4 6. d4 b5 7. Bb3 d5 8. dxe5 Be6 9. c3 Bc5 10. Nbd2 0-0 11. Bc2 Nxf2 12. Rxf2 f6 13. Nf1 Bxf2+ 14. Kxf2 fxe5 15. Kg1 Qd6 16. Be3 Bg4 17. Ng3 e4 18. Bxe4 dxe4 19. Nxe4 Qxd1+ 20. Rxd1 Rae8 21. Bc5 Rxe4 22. Bxf8 Kxf8 23. Kf2 Bxf3 24. gxf3 Re6 25. Rd5 Rd6 26. Rc5 Ke7 27. c4 bxc4 28. Rxc4 Kd7 29. Ke3 Re6+ 30. Kf2 a5 31. h4 Rd6 32. Ke3 Ne5 33. Rc5 Re6 34. Ke4 Ng6+ 35. Kd3 Nxh4 36. Rxa5 Nxf3 37. Rf5 Ne5+ 38. Kd4 Kd6 39. a4 g6 40. Rf8 Nc6+ 41. Kd3 h5 42. Rh8 Kc5 43. Rh6 Re5 44. Rxg6 Nb4+ 45. Kd2 Kc4 46. Rg7 c6 47. Rb7 Kb3 48. Rb6 Kxa4 49. Kc1 Kb3 50. Rb8 Rd5 0-1

[Event "Titled Tuesday intern op 30th Jul Late"]
[Site "Chess.com INT"]
[Date "2024.07.30"]
[Round "5"]
[White "Cansun, Can Alp"]
[Black "Zeynalov, Rashad"]
[Result "0-1"]
[WhiteElo "2130"]
[BlackElo "2127"]
[PlyCount "70"]
[EventDate "2024.07.30"]
[EventType "swiss (blitz)"]
[EventRounds "11"]
[EventCountry "USA"]
[SourceTitle "EXT 2025"]
[Source "ChessBase"]
[SourceDate "2024.10.14"]
[SourceVersion "1"]
[SourceVersionDate "2024.10.14"]
[SourceQuality "1"]

1. d4 d5 2. c4 e5 3. dxe5 d4 4. Nf3 Nc6 5. g3 Nge7 6. Bg2 Ng6 7. 0-0 Ngxe5 8. Nxe5 Nxe5 9. b3 Bc5 10. Bb2 0-0 11. Nd2 a5 12. Nf3 Nxf3+ 13. Bxf3 Re8 14. Qd2 Qf6 15. Rfd1 Rd8 16. a3 Qe7 17. e3 d3 18. Bc3 Bxa3 19. Bxa5 Bf5 20. Bc3 Be4 21. Bxe4 Qxe4 22. Ra2 Ra6 23. Rda1 Bf8 24. Rxa6 bxa6 25. Rxa6 Rb8 26. Qd1 Qb7 27. Ra5 Qxb3 28. Qxd3 Bb4 29. Rb5 Rxb5 30. Qd8+ Bf8 31. Bxg7 Qb1+ 32. Kg2 Qe4+ 33. Kh3 Rh5+ 34. Qh4 Rxh4+ 35. gxh4 Qf3# 0-1

[Event "Titled Tuesday intern op 30th Jul Late"]
[Site "Chess.com INT"]
[Date "2024.07.30"]
[Round "7"]
[White "Korchmar, Vasiliy"]
[Black "Zeynalov, Rashad"]
[Result "1-0"]
[WhiteElo "2431"]
[BlackElo "2127"]
[PlyCount "71"]
[EventDate "2024.07.30"]
[EventType "swiss (blitz)"]
[EventRounds "11"]
[EventCountry "USA"]
[SourceTitle "EXT 2025"]
[Source "ChessBase"]
[SourceDate "2024.10.14"]
[SourceVersion "1"]
[SourceVersionDate "2024.10.14"]
[SourceQuality "1"]

1. e4 e5 2. Nf3 Nc6 3. Bc4 Nf6 4. d3 Be7 5. Nc3 d6 6. a4 Be6 7. Nd5 Bxd5 8. exd5 Nb8 9. 0-0 0-0 10. d4 Nbd7 11. Re1 exd4 12. Nxd4 Ne5 13. Bb3 Qd7 14. h3 Rfe8 15. a5 b5 16. a6 Bf8 17. Bg5 Ng6 18. Bxf6 gxf6 19. Qd3 Re5 20. Qxb5 Qe7 21. Nf3 Re4 22. Qb7 Rd8 23. Qxa7 Nf4 24. Rxe4 Qxe4 25. Qe3 Qf5 26. Nd4 Qg5 27. Qg3 Bg7 28. Qxg5 fxg5 29. Nb5 Bxb2 30. Ra2 Ne2+ 31. Kf1 Nc3 32. Rxb2 Nxb5 33. Ba4 Na7 34. Rb7 Ra8 35. Rxc7 Kf8 36. c4 1-0

[Event "Titled Tuesday intern op 30th Jul Early"]
[Site "Chess.com INT"]
[Date "2024.07.30"]
[Round "10"]
[White "Leschinsky, Gary"]
[Black "Zeynalov, Rashad"]
[Result "0-1"]
[WhiteElo "1992"]
[BlackElo "2127"]
[PlyCount "94"]
[EventDate "2024.07.30"]
[EventType "swiss (blitz)"]
[EventRounds "11"]
[EventCountry "USA"]
[SourceTitle "EXT 2025"]
[Source "ChessBase"]
[SourceDate "2024.10.14"]
[SourceVersion "1"]
[SourceVersionDate "2024.10.14"]
[SourceQuality "1"]

1. Nf3 d5 2. b3 Nf6 3. Bb2 e6 4. g3 Be7 5. Bg2 0-0 6. 0-0 c5 7. d3 Nc6 8. Nbd2 Qc7 9. e4 b6 10. Re1 a5 11. exd5 Nxd5 12. a4 Bf6 13. Bxf6 Nxf6 14. Nc4 Ba6 15. Nfe5 Nxe5 16. Nxe5 Bb7 17. h4 Bxg2 18. Kxg2 Rad8 19. Qf3 Rd5 20. Nc4 Rf5 21. Qe2 h5 22. Nd2 Ng4 23. f3 Re5 24. Ne4 Nh6 25. Qd2 Nf5 26. Qf4 Qb8 27. Kh3 Nd4 28. Rac1 Rf5 29. Qxb8 Rxb8 30. f4 Rd8 31. Nd2 Rfd5 32. Nc4 Rb8 33. Re5 g6 34. Kg2 Kg7 35. Kf2 Nc6 36. Re4 Nb4 37. Re5 Rxd3 38. cxd3 Nxd3+ 39. Ke2 Nxc1+ 40. Kd2 Nxb3+ 41. Kc3 Nd4 42. Re1 b5 43. axb5 Rxb5 44. Ra1 Rb3+ 45. Kd2 Rb4 46. Nxa5 Nb3+ 47. Nxb3 Rxb3 0-1

[Event "Titled Tuesday intern op 30th Jul Early"]
[Site "Chess.com INT"]
[Date "2024.07.30"]
[Round "2"]
[White "Zeynalov, Rashad"]
[Black "Matyassy, Lazar"]
[Result "1-0"]
[WhiteElo "2127"]
[BlackElo "2155"]
[PlyCount "31"]
[EventDate "2024.07.30"]
[EventType "swiss (blitz)"]
[EventRounds "11"]
[EventCountry "USA"]
[SourceTitle "EXT 2025"]
[Source "ChessBase"]
[SourceDate "2024.10.14"]
[SourceVersion "1"]
[SourceVersionDate "2024.10.14"]
[SourceQuality "1"]

1. d4 Nf6 2. Bf4 d5 3. e3 e6 4. Nf3 Bd6 5. Ne5 0-0 6. Nd2 c5 7. c3 b6 8. h4 Qe7 9. Bg5 h6 10. Rh3 Bb7 11. Bd3 Nc6 12. f4 cxd4 13. exd4 Qc7 14. Bxf6 gxf6 15. Rg3+ Kh8 16. Qh5 1-0

[Event "TUR-chT 2nd League"]
[Site "Denizli"]
[Date "2024.07.18"]
[Round "5.15"]
[White "Zeynalov, Rashad"]
[Black "Guder, Eyup Sabri"]
[Result "1-0"]
[WhiteElo "2127"]
[BlackElo "1993"]
[PlyCount "43"]
[EventDate "2024.07.15"]
[EventType "team-swiss"]
[EventRounds "9"]
[EventCountry "TUR"]
[SourceTitle "EXT 2025"]
[Source "ChessBase"]
[SourceDate "2024.10.14"]
[SourceVersion "1"]
[SourceVersionDate "2024.10.14"]
[SourceQuality "1"]
[WhiteTeam "Karaman Yunus Emre"]
[BlackTeam "Celik"]
[WhiteTeamCountry "TUR"]
[BlackTeamCountry "TUR"]

1. d4 Nf6 2. Bf4 e6 3. e3 d5 4. Nf3 Bd6 5. Ne5 0-0 6. Nd2 Nc6 7. Bd3 Nb4 8. Be2 c5 9. c3 Nc6 10. Bd3 Qc7 11. Ndf3 b6 12. h4 Bb7 13. h5 Rad8 14. h6 g6 15. Nxc6 Bxc6 16. Bg5 Be7 17. Ne5 Bb7 18. a4 a5 19. Nf3 Ne4 20. Bxe7 Qxe7 21. Bxe4 dxe4 22. Nd2 1-0

[Event "Izmir Arena IM5"]
[Site "Izmir"]
[Date "2024.07.12"]
[Round "10"]
[White "Bassari, Senem Gul"]
[Black "Zeynalov, Rashad"]
[Result "0-1"]
[WhiteElo "1768"]
[BlackElo "2127"]
[PlyCount "77"]
[EventDate "2024.07.08"]
[EventType "tourn"]
[EventRounds "10"]
[EventCountry "TUR"]
[EventCategory "1"]
[SourceTitle "CBM 221 Extra"]
[Source "ChessBase"]
[SourceDate "2024.09.30"]
[SourceVersion "1"]
[SourceVersionDate "2024.09.30"]
[SourceQuality "1"]

1. e4 e5 2. Nf3 Nc6 3. Bb5 a6 4. Ba4 Nf6 5. 0-0 Nxe4 6. d4 Be7 7. Re1 b5 8. Rxe4 d5 9. Re1 e4 10. Ne5 Nxe5 11. dxe5 bxa4 12. c4 c6 13. Nc3 Bb7 14. Qxa4 0-0 15. Rd1 d4 16. Nxe4 c5 17. Ng3 f5 18. exf6 Bxf6 19. Qb3 Qd7 20. Qd3 Rae8 21. Bd2 Be5 22. Re1 Qg4 23. b4 h5 24. h3 Qe6 25. bxc5 h4 26. Nf1 Rf5 27. Rab1 Ba8 28. Rb6 Qf7 29. f4 Rf8 30. fxe5 Rg5 31. Rf6 Rxg2+ 32. Kh1 Rxd2+ 33. c6 Bxc6+ 34. Kg1 Rg2+ 35. Kh1 Rg3+ 36. Kh2 Rxd3 37. Rxf7 Rxf7 38. Re2 Rxf1 39. e6 0-1

[Event "Izmir Arena IM5"]
[Site "Izmir"]
[Date "2024.07.11"]
[Round "7"]
[White "Zeynalov, Rashad"]
[Black "Sevgi, Volkan"]
[Result "1/2-1/2"]
[WhiteElo "2127"]
[BlackElo "2332"]
[PlyCount "113"]
[EventDate "2024.07.08"]
[EventType "tourn"]
[EventRounds "10"]
[EventCountry "TUR"]
[EventCategory "1"]
[SourceTitle "CBM 221 Extra"]
[Source "ChessBase"]
[SourceDate "2024.09.30"]
[SourceVersion "1"]
[SourceVersionDate "2024.09.30"]
[SourceQuality "1"]

1. e4 c6 2. d4 d5 3. e5 c5 4. dxc5 Nc6 5. Nf3 Bg4 6. c3 a6 7. Be3 Nxe5 8. Nbd2 Nc6 9. Be2 Nf6 10. h3 Bxf3 11. Nxf3 g6 12. Qa4 Bg7 13. Nd4 Qc8 14. Nxc6 bxc6 15. 0-0 0-0 16. Rad1 e5 17. f4 Ne4 18. Bf3 exf4 19. Bd4 Bxd4+ 20. Qxd4 Ng3 21. Rfe1 Qc7 22. Re5 Rae8 23. Rde1 Rxe5 24. Rxe5 Qb8 25. c4 Re8 26. Rxe8+ Qxe8 27. Kf2 g5 28. cxd5 cxd5 29. b4 Qb5 30. Ke1 Qf1+ 31. Kd2 Qb1 32. Qxd5 Qxb4+ 33. Kc2 Nf1 34. Qxg5+ Kf8 35. Kd3 Qd2+ 36. Ke4 Qb4+ 37. Kd5 Ne3+ 38. Kc6 Nc4 39. Qd8+ Kg7 40. Qg5+ Kf8 41. Qd8+ Kg7 42. Qd4+ f6 43. Kd5 Ne3+ 44. Ke4 Nc4 45. Kxf4 Qb8+ 46. Ke4 Qe8+ 47. Kd3 Ne5+ 48. Kc3 Qb5 49. c6 Qb1 50. Qa7+ Kg6 51. Qf2 Qd3+ 52. Kb4 Qc4+ 53. Ka3 Qc3+ 54. Ka4 Qc4+ 55. Ka3 Qc3+ 56. Ka4 Qc4+ 57. Ka3 1/2-1/2

[Event "Izmir Arena IM5"]
[Site "Izmir"]
[Date "2024.07.08"]
[Round "1"]
[White "Zeynalov, Rashad"]
[Black "Gholami, Aryan"]
[Result "1-0"]
[WhiteElo "2127"]
[BlackElo "2481"]
[PlyCount "79"]
[EventDate "2024.07.08"]
[EventType "tourn"]
[EventRounds "10"]
[EventCountry "TUR"]
[EventCategory "1"]
[SourceTitle "CBM 221 Extra"]
[Source "ChessBase"]
[SourceDate "2024.09.30"]
[SourceVersion "1"]
[SourceVersionDate "2024.09.30"]
[SourceQuality "1"]

1. d4 Nf6 2. Bf4 d5 3. e3 c5 4. dxc5 Nc6 5. Bb5 e6 6. b4 Bd7 7. c3 a5 8. Qb3 Nh5 9. Ne2 Nxf4 10. exf4 g6 11. a4 Bg7 12. Ra2 0-0 13. 0-0 Qc7 14. Nd2 Rfb8 15. Nf3 b6 16. Bxc6 Qxc6 17. Ned4 Qc7 18. cxb6 Rxb6 19. g3 Rc8 20. Rc2 Qc4 21. b5 f6 22. Qxc4 Rxc4 23. Ra1 e5 24. Nb3 d4 25. Nxa5 Rxc3 26. Rxc3 dxc3 27. Rc1 e4 28. Nd4 Rd6 29. Ne2 c2 30. Rxc2 Bg4 31. Nc3 Bf8 32. Nxe4 Re6 33. Nc5 Re1+ 34. Kg2 Bd1 35. Rc3 g5 36. fxg5 fxg5 37. g4 h5 38. h3 hxg4 39. hxg4 Re5 40. Nd7 1-0

[Event "Cesme op-A 10th"]
[Site "Cesme"]
[Date "2024.06.28"]
[Round "7"]
[White "Zeynalov, Rashad"]
[Black "Demirbag, Alihan"]
[Result "1-0"]
[WhiteElo "2127"]
[BlackElo "2055"]
[PlyCount "89"]
[EventDate "2024.06.23"]
[EventType "swiss"]
[EventRounds "9"]
[EventCountry "TUR"]
[SourceTitle "CBM 220 Extra"]
[Source "ChessBase"]
[SourceDate "2024.07.31"]
[SourceVersion "1"]
[SourceVersionDate "2024.07.31"]
[SourceQuality "1"]

1. d4 d5 2. Bg5 f6 3. Bf4 c5 4. e3 Nc6 5. Nc3 e5 6. dxe5 fxe5 7. Bg3 Nf6 8. Nf3 Bg4 9. h3 Bh5 10. Be2 d4 11. Nxe5 Bxe2 12. Nxe2 dxe3 13. fxe3 Qc8 14. Qd3 Be7 15. Qc4 Nxe5 16. Bxe5 Qc6 17. Nc3 a6 18. Bxf6 Bxf6 19. Nd5 0-0-0 20. 0-0-0 Kb8 21. Rhf1 Rhe8 22. e4 Rd6 23. Nxf6 gxf6 24. Rd5 Rde6 25. Qxc5 Qxc5 26. Rxc5 Rxe4 27. Rcf5 Re1+ 28. Rxe1 Rxe1+ 29. Kd2 Rg1 30. g4 Rg2+ 31. Kd1 Rg1+ 32. Ke2 Rg2+ 33. Rf2 Rg3 34. Rh2 Rg1 35. Kf3 Kc7 36. Rd2 Ra1 37. a3 Rb1 38. b3 b5 39. Ke4 Rh1 40. Rd3 Rh2 41. Kf5 Rf2+ 42. Ke6 h6 43. b4 Kc8 44. Rc3+ Kb7 45. Kf7 1-0

[Event "Titled Tuesday intern op 18th Jun Late"]
[Site "Chess.com INT"]
[Date "2024.06.18"]
[Round "4"]
[White "Zeynalov, Rashad"]
[Black "Al Hosani, Omran"]
[Result "1-0"]
[WhiteElo "2127"]
[BlackElo "2216"]
[PlyCount "101"]
[EventDate "2024.06.18"]
[EventType "swiss (blitz)"]
[EventRounds "11"]
[EventCountry "USA"]
[SourceTitle "EXT 2025"]
[Source "ChessBase"]
[SourceDate "2024.10.14"]
[SourceVersion "1"]
[SourceVersionDate "2024.10.14"]
[SourceQuality "1"]

1. d4 Nf6 2. Bf4 Nd5 3. Bc1 c5 4. e4 Nf6 5. e5 Nd5 6. dxc5 Qa5+ 7. Nd2 e6 8. c3 Qxc5 9. Ne4 Qc7 10. Nf3 Nc6 11. Bc4 Nxe5 12. Bxd5 Nxf3+ 13. gxf3 exd5 14. Qxd5 d6 15. Bf4 Be6 16. Qd4 Rd8 17. 0-0-0 Qa5 18. a3 Qf5 19. Bxd6 Qxf3 20. Rhe1 Bxd6 21. Nxd6+ Kf8 22. Qxa7 Qf4+ 23. Kb1 g6 24. Nxb7 Rxd1+ 25. Rxd1 Qf5+ 26. Ka1 Kg7 27. Qd4+ f6 28. Nd6 Qf3 29. Re1 Qh3 30. Ne4 Qf5 31. Nxf6 Qxf6 32. Rxe6 Qxd4 33. cxd4 Rf8 34. Re2 Rf3 35. Rd2 Rh3 36. d5 Kf7 37. d6 Ke8 38. f4 Kd7 39. a4 Rf3 40. Ka2 Rxf4 41. Ka3 g5 42. a5 Rf8 43. b4 h5 44. Rd5 Rg8 45. a6 h4 46. h3 g4 47. hxg4 Rh8 48. a7 h3 49. Rd2 Kc6 50. d7 Kb7 51. d8Q 1-0

[Event "Titled Tuesday intern op 18th Jun Late"]
[Site "Chess.com INT"]
[Date "2024.06.18"]
[Round "7"]
[White "Zeynalov, Rashad"]
[Black "Koval, Artem"]
[Result "0-1"]
[WhiteElo "2127"]
[BlackElo "2193"]
[PlyCount "58"]
[EventDate "2024.06.18"]
[EventType "swiss (blitz)"]
[EventRounds "11"]
[EventCountry "USA"]
[SourceTitle "EXT 2025"]
[Source "ChessBase"]
[SourceDate "2024.10.14"]
[SourceVersion "1"]
[SourceVersionDate "2024.10.14"]
[SourceQuality "1"]

1. d4 d5 2. Bf4 c5 3. e3 Nc6 4. Nf3 Nf6 5. Nbd2 cxd4 6. exd4 Bf5 7. Bb5 e6 8. Ne5 Qb6 9. Qe2 Be7 10. c3 0-0 11. Bxc6 bxc6 12. Nb3 a5 13. g4 Bg6 14. h4 a4 15. Nc1 h5 16. Nxg6 fxg6 17. Qxe6+ Kh7 18. Nd3 Nxg4 19. 0-0-0 Rae8 20. Rde1 a3 21. b4 Bxb4 22. Qd7 Rxe1+ 23. Rxe1 Bxc3 24. Re7 Bxd4 25. Ne5 Bxe5 26. Bxe5 Qc5+ 27. Kb1 Qb4+ 28. Kc2 Rxf2+ 29. Kd3 Qc4# 0-1